<?xml version="1.0" encoding="UTF-8"?>
<collection xmlns="http://www.loc.gov/MARC21/slim">
 <record>
  <leader>00614pamaa2200181   4500</leader>
  <controlfield tag="001">0000045393</controlfield>
  <controlfield tag="005">20090617090000.0</controlfield>
  <controlfield tag="008">090617                             eng  </controlfield>
  <datafield tag="020" ind1="0" ind2="0">
   <subfield code="a">1842055518 (pbk.) </subfield>
  </datafield>
  <datafield tag="090" ind1="0" ind2="0">
   <subfield code="a">RC263 </subfield>
   <subfield code="b">UND 2006</subfield>
  </datafield>
  <datafield tag="245" ind1="1" ind2="0">
   <subfield code="a">Understanding cancer : </subfield>
   <subfield code="b">the causes of cancer, prevention and new developments  </subfield>
   <subfield code="c">Geddes &amp; Grosset.</subfield>
  </datafield>
  <datafield tag="260" ind1="0" ind2="0">
   <subfield code="a">New Lanark, ML: </subfield>
   <subfield code="b">Geddes &amp; Grosset, </subfield>
   <subfield code="c">2006.</subfield>
  </datafield>
  <datafield tag="300" ind1=" " ind2=" ">
   <subfield code="a">223p: </subfield>
   <subfield code="b">ill.; </subfield>
   <subfield code="c">20 cm.</subfield>
  </datafield>
  <datafield tag="440" ind1="0" ind2="0">
   <subfield code="a">Family Medical</subfield>
  </datafield>
  <datafield tag="650" ind1="0" ind2="0">
   <subfield code="a">Cancer -- </subfield>
   <subfield code="x">Popular works </subfield>
  </datafield>
  <datafield tag="650" ind1="0" ind2="0">
   <subfield code="a">Neoplasms -- </subfield>
   <subfield code="x">popular works </subfield>
  </datafield>
  <datafield tag="650" ind1="0" ind2="0">
   <subfield code="a">Neoplasms -- </subfield>
   <subfield code="x">therapy -- </subfield>
   <subfield code="x">popular works </subfield>
  </datafield>
  <datafield tag="901" ind1=" " ind2=" ">
   <subfield code="u">www.</subfield>
  </datafield>
 </record>
</collection>
